000 00707nam a22002057a 4500
999 _c4215
_d4215
003 AR-CdUCM
008 190308b ||||| |||| 00| 0 spa d
040 _aMUNICIPALIDAD PROVINCIAL DEL CUSCO
_cBIBLIOTECA MUNICIPAL DEL CUSCO
082 _a741.5 /
_bA17
100 _aAcevedo, Juan
_913170
245 _aPara hacer Historietas /
260 _aLima :
_bRetablo de papel Ediciones,
_c1978.
300 _a237 páginas
_bIlustraciones,
_c20 cm.
505 _aContenido: Que es la Historieta -- Los personajes -- Naturaleza del lenguaje de la historieta: Tinta sobre papel...
650 _aCómics
_913348
650 _aCreación
_93051
650 _aPersonajes
_9175
942 _2ddc
_cLIBROS
945 _adavv